Exploring research

保存先:
書誌詳細
第一著者: Neil J. Salkind
フォーマット: 図書
言語:Undetermined
出版事項: Upper Saddle River, NJ Prentice-Hall 2003
主題:
タグ: タグ追加
タグなし, このレコードへの初めてのタグを付けませんか!
Thư viện lưu trữ: Trung tâm Học liệu Trường Đại học Cần Thơ
LEADER 00533nam a2200193Ia 4500
001 CTU_59749
008 210402s9999 xx 000 0 und d
082 |a 150.72 
082 |b S168 
100 |a Neil J. Salkind 
245 0 |a Exploring research 
245 0 |c Neil J. Salkind 
260 |a Upper Saddle River, NJ 
260 |b Prentice-Hall 
260 |c 2003 
650 |a psychology,education 
650 |x research,methodology,research,methodology 
904 |i Minh 
980 |a Trung tâm Học liệu Trường Đại học Cần Thơ